Tam quốc diễn nghĩa liên hoàn họa : Truyện tranh Tập 38 Núi Định Quân chém tướng
Tập kể về việc lão tướng Hoàng Trung chém Hạ Hầu Uyên, chiếm núi Định Quân, mở đường cho Lưu Bị lấy Hán Trung.
Zapisane w:
| 1. autor: | |
|---|---|
| Kolejni autorzy: | , , , , , |
| Format: | Książka |
| Język: | Vietnamese |
| Wydane: |
H.
Văn học
2016
|
| Wydanie: | Tái bản lần thứ 1 |
| Hasła przedmiotowe: | |
| Etykiety: |
Dodaj etykietę
Nie ma etykietki, Dołącz pierwszą etykiete!
|
| Thư viện lưu trữ: | Thư viện Trường Đại học Nam Cần Thơ |
|---|
| LEADER | 01629nam a22002897a 4500 | ||
|---|---|---|---|
| 001 | NCT_4_021087 | ||
| 008 | 250524b xxu||||| |||| 00| 0 vie d | ||
| 999 | |c 9030 |d 9030 | ||
| 020 | |a 97860475298 |c 11500 | ||
| 082 | 0 | 4 | |2 23rd ed. |a 895.1 |b Tr513/T.38 |
| 100 | 1 | |a La Quán Trung | |
| 245 | 1 | 0 | |a Tam quốc diễn nghĩa liên hoàn họa : |b Truyện tranh |n Tập 38 |p Núi Định Quân chém tướng |c La Quán Trung (Nguyên tác) ; Phan Cần Mạnh, Điền Y (Lời) ; Chu Quang Ngọc, Uông Ngọc Sơn, Phùng Mặc Nông (Tranh) ; Trần Đình Chiến (Dịch) |
| 250 | |a Tái bản lần thứ 1 | ||
| 260 | |a H. |b Văn học |c 2016 | ||
| 300 | |a 118 tr. |b Minh họa |c 16 x 12 cm | ||
| 500 | |a Đông A biên chỉnh theo bản Tam quốc diễn nghĩa do Phan Kế Bính dịch, Bùi Kỷ hiện đính, Nxb Phổ Thông, 1659-1960 | ||
| 520 | 3 | |a Tập kể về việc lão tướng Hoàng Trung chém Hạ Hầu Uyên, chiếm núi Định Quân, mở đường cho Lưu Bị lấy Hán Trung. | |
| 653 | |a Tham khảo | ||
| 700 | 1 | |a Phan Cần Mạnh |e Lời | |
| 700 | 1 | |a Điền Y |e Lời | |
| 700 | 1 | |a Chu Quang Ngọc |e Tranh | |
| 700 | 1 | |a Uông Ngọc Sơn |e Tranh | |
| 700 | 1 | |a Phùng Mặc Nông |e Tranh | |
| 700 | 1 | |a Trần Đình Chiến |e Dịch | |
| 942 | |2 ddc |c BK | ||
| 952 | |0 0 |1 0 |2 ddc |4 0 |6 895_100000000000000_TR513_T_38 |7 0 |9 30837 |a 000001 |b 000001 |d 2025-05-24 |o 895.1 Tr513/T.38 |p TK.05533 |r 2025-05-24 |v 11500.00 |w 2025-05-24 |y BK | ||
| 980 | |a Thư viện Trường Đại học Nam Cần Thơ | ||